[Event "Berkshire Berks & Bucks op-A"]
[Site "Berkshire"]
[Date "2023.08.27"]
[Round "3"]
[White "Merriman, James"]
[Black "Arora, Tashika"]
[Result "1-0"]
[WhiteElo "2014"]
[BlackElo "1836"]
[PlyCount "125"]
[EventDate "2023.08.26"]
[EventType "swiss"]
[EventRounds "6"]
[EventCountry "ENG"]
[SourceTitle "EXT 2024"]
[Source "ChessBase"]
[SourceDate "2023.10.10"]
[SourceVersion "1"]
[SourceVersionDate "2023.10.10"]
[SourceQuality "1"]

1. d4 Nf6 2. c4 e6 3. Nc3 Bb4 4. e3 0-0 5. Bd3 d5 6. a3 Bxc3+ 7. bxc3 c5 8. cxd5 exd5 9. Ne2 c4 10. Bc2 Nc6 11. 0-0 Bd7 12. f3 Re8 13. Ng3 Qc8 14. e4 dxe4 15. fxe4 Bg4 16. Qe1 Nh5 17. e5 Nxg3 18. Qxg3 Bh5 19. Bf5 Qc7 20. Bf4 Ne7 21. Bxh7+ Kxh7 22. Qh4 Ng6 23. Qxh5+ Kg8 24. Bg3 Qd7 25. Qf3 Rad8 26. Rab1 b6 27. h4 Qd5 28. h5 Qxf3 29. gxf3 Ne7 30. Bh4 Rd5 31. Bxe7 Rxe7 32. Kf2 Re6 33. Ke3 Ra5 34. Ra1 Rh6 35. Rh1 Rb5 36. Rhb1 Ra5 37. Rh1 Rb5 38. Rab1 Ra5 39. Rb4 b5 40. a4 a6 41. axb5 axb5 42. Rh2 g6 43. d5 Kf8 44. Kd4 gxh5 45. f4 h4 46. Rh3 Ke7 47. Kc5 f6 48. Rxb5 Rxb5+ 49. Kxb5 fxe5 50. fxe5 Rh5 51. Kxc4 Rxe5 52. Rxh4 Re1 53. Rh6 Rc1 54. Kd4 Kd7 55. c4 Rd1+ 56. Kc5 Rc1 57. Rh7+ Kd8 58. d6 Rc2 59. Kd5 Ra2 60. c5 Rd2+ 61. Kc6 Ke8 62. Kc7 Rd3 63. d7+ 1-0

[Event "Manchester op"]
[Site "Bolton"]
[Date "2023.08.19"]
[Round "3"]
[White "Arkell, Keith C"]
[Black "Arora, Tashika"]
[Result "1-0"]
[WhiteElo "2373"]
[BlackElo "1836"]
[PlyCount "175"]
[EventDate "2023.08.18"]
[EventType "swiss"]
[EventRounds "5"]
[EventCountry "ENG"]
[SourceTitle "EXT 2024"]
[Source "ChessBase"]
[SourceDate "2023.10.10"]
[SourceVersion "1"]
[SourceVersionDate "2023.10.10"]
[SourceQuality "1"]

1. d4 Nf6 2. Nf3 e6 3. c4 b6 4. g3 Bb7 5. Bg2 Be7 6. Nc3 0-0 7. 0-0 Ne4 8. Nxe4 Bxe4 9. Nh4 Bxg2 10. Nxg2 d5 11. Qa4 dxc4 12. Qxc4 c5 13. Be3 Nd7 14. Rfd1 Qc8 15. d5 exd5 16. Qxd5 Nf6 17. Qf3 Qg4 18. Qxg4 Nxg4 19. Bf4 Bf6 20. h3 Ne5 21. Ne3 Ng6 22. Rab1 Rfd8 23. b3 Nxf4 24. gxf4 Kf8 25. Kg2 Rd4 26. Rxd4 Bxd4 27. Nc4 Rd8 28. a4 Ke7 29. Kf3 f6 30. e3 Bc3 31. Rc1 Bb4 32. Ke2 Ke6 33. e4 g6 34. Rg1 f5 35. f3 Rd4 36. Ke3 Bc3 37. Rg5 fxe4 38. fxe4 Rd1 39. f5+ Kf6 40. Rg3 Bd4+ 41. Ke2 Rc1 42. Rf3 Rc2+ 43. Kd1 Rf2 44. Rxf2 Bxf2 45. fxg6 Kxg6 46. a5 bxa5 47. Ke2 Bd4 48. Nxa5 Kf6 49. Nc6 a6 50. Kd3 Bf2 51. Nb8 Ke6 52. Nxa6 Kd6 53. Kc4 Kc6 54. b4 cxb4 55. Nxb4+ Kd6 56. Nd3 Bg1 57. Kc3 Bb6 58. Kd2 h6 59. Ke2 Bd8 60. Kf3 Bg5 61. Kg4 Ke6 62. Ne1 Bd2 63. Nf3 Be3 64. Kg3 Bc1 65. Kf2 Bf4 66. Ke2 Bc1 67. Kd3 Bb2 68. Nh2 Be5 69. Ng4 Bf4 70. Ke2 h5 71. Nf2 Bg5 72. Nd3 h4 73. Kf3 Be7 74. Kf4 Bd6+ 75. e5 Bc7 76. Ke4 Bd8 77. Nf4+ Kf7 78. Kf5 Be7 79. Ng6 Bd8 80. Nf4 Be7 81. Ne6 Ke8 82. Kg6 Kd7 83. Kf7 Bb4 84. Nf4 Kd8 85. Ng6 Bc5 86. Nxh4 Be7 87. Ng6 Bg5 88. h4 1-0

[Event "Coventry op"]
[Site "Coventry"]
[Date "2023.02.18"]
[Round "3"]
[White "Arora, Tashika"]
[Black "Sedykh, Stakhey"]
[Result "1-0"]
[WhiteElo "1838"]
[BlackElo "1605"]
[PlyCount "95"]
[EventDate "2023.02.18"]
[EventType "swiss"]
[EventRounds "5"]
[EventCountry "ENG"]
[SourceTitle "CBM 212 Extra"]
[Source "ChessBase"]
[SourceDate "2023.03.31"]
[SourceVersion "1"]
[SourceVersionDate "2023.03.31"]
[SourceQuality "1"]

1. d4 d5 2. Nf3 Nf6 3. c4 c6 4. Nc3 dxc4 5. a4 Bf5 6. Ne5 Nbd7 7. Nxc4 e6 8. f3 c5 9. d5 exd5 10. Ne3 Be6 11. Nexd5 Nxd5 12. Nxd5 Nf6 13. Nxf6+ Qxf6 14. e4 Rd8 15. Bb5+ Bd7 16. Qb3 Bd6 17. 0-0 0-0 18. Be3 Qg6 19. Bxd7 Rxd7 20. Rac1 b6 21. Rcd1 Rfd8 22. Rd5 Qe6 23. Rfd1 Bc7 24. g3 Rxd5 25. exd5 c4 26. dxe6 cxb3 27. Rxd8+ Bxd8 28. exf7+ Kxf7 29. Bd4 g6 30. Kf1 Ke6 31. Ke2 Kd5 32. Kd3 Be7 33. Kc3 Bb4+ 34. Kxb4 Kxd4 35. Kxb3 Ke3 36. Kb4 Kxf3 37. Kb5 Kg2 38. Ka6 Kxh2 39. Kxa7 h5 40. Kxb6 Kxg3 41. a5 h4 42. a6 h3 43. a7 g5 44. a8Q g4 45. Kc5 h2 46. Kd4 Kh3 47. Ke3 g3 48. Qf3 1-0

[Event "BCF-chT2 2223 (4NCL)"]
[Site "England"]
[Date "2023.02.11"]
[Round "5.67"]
[White "Verbytski, Oleg"]
[Black "Arora, Tashika"]
[Result "0-1"]
[WhiteElo "1771"]
[BlackElo "2028"]
[PlyCount "130"]
[EventDate "2022.10.22"]
[EventType "team-tourn"]
[EventRounds "11"]
[EventCountry "ENG"]
[SourceTitle "EXT 2024"]
[Source "ChessBase"]
[SourceDate "2023.10.10"]
[SourceVersion "1"]
[SourceVersionDate "2023.10.10"]
[SourceQuality "1"]
[WhiteTeam "KJCA Kings"]
[BlackTeam "Oxford"]
[WhiteTeamCountry "ENG"]
[BlackTeamCountry "ENG"]

1. e4 e5 2. Nf3 Nc6 3. Bc4 Nf6 4. d3 Bc5 5. Nc3 0-0 6. Be3 Bb6 7. 0-0 d6 8. h3 Bd7 9. Qd2 Nd4 10. Bxd4 exd4 11. Ne2 c5 12. a3 Bc7 13. Nh2 Bc6 14. Ng3 d5 15. exd5 Nxd5 16. Ne4 b6 17. Rae1 Kh8 18. Qg5 Qb8 19. Bxd5 Bxh2+ 20. Kh1 Bf4 21. Qf5 Bxd5 22. Qxd5 f5 23. g3 fxe4 24. gxf4 exd3 25. cxd3 Qxf4 26. Qe4 Qxe4+ 27. dxe4 Rf4 28. Kg2 g5 29. f3 Kg7 30. b3 Kf6 31. Rd1 Ke5 32. Rd3 h5 33. Rh1 Raf8 34. Kg3 b5 35. Rc1 Rc8 36. Rb1 g4 37. hxg4 hxg4 38. Rh1 Rxf3+ 39. Rxf3 gxf3 40. Kxf3 Rf8+ 41. Ke2 Kxe4 42. Rh7 d3+ 43. Ke1 Kd4 44. Rh5 Re8+ 45. Kd2 Re2+ 46. Kd1 Re5 47. Rh4+ Kc3 48. a4 Rg5 49. Rh1 Rg2 50. Kc1 Rb2 51. Rh3 Rxb3 52. a5 c4 53. a6 Rb2 54. Rg3 Rh2 55. Rg1 Kb3 56. Kb1 c3 57. Ka1 Ra2+ 58. Kb1 c2+ 59. Kc1 Ra1+ 60. Kd2 Rxg1 61. Ke3 c1Q+ 62. Kf2 Qe1+ 63. Kf3 Rf1+ 64. Kg2 Rf2+ 65. Kg3 Qg1+ 0-1

[Event "EU-ch U14 Girls 30th"]
[Site "Antalya"]
[Date "2022.11.11"]
[Round "6"]
[White "Zhapova, Yana"]
[Black "Arora, Tashika"]
[Result "1-0"]
[WhiteElo "2220"]
[BlackElo "1908"]
[PlyCount "165"]
[EventDate "2022.11.06"]
[EventType "swiss"]
[EventRounds "9"]
[EventCountry "TUR"]
[SourceTitle "CBM 211 Extra"]
[Source "ChessBase"]
[SourceDate "2023.01.31"]
[SourceVersion "1"]
[SourceVersionDate "2023.01.31"]
[SourceQuality "1"]

1. e4 e5 2. Nf3 Nc6 3. Bc4 Nf6 4. d3 Bc5 5. 0-0 d6 6. c3 0-0 7. Re1 h6 8. a4 a5 9. h3 Be6 10. Nbd2 Ne7 11. Nf1 Ng6 12. Bb3 c6 13. Bc2 Re8 14. d4 exd4 15. cxd4 Bb6 16. Ng3 Qd7 17. Be3 Bc7 18. Qd3 Rad8 19. Rad1 Qc8 20. Nd2 c5 21. f4 cxd4 22. Qxd4 Ne7 23. Rc1 Nc6 24. Qd3 Nb4 25. Qf1 d5 26. Bb1 Qb8 27. e5 d4 28. Bf2 Nh7 29. Nge4 Nf8 30. Bh4 Rd5 31. Qf3 Ng6 32. Bf2 Kh8 33. Nc5 Nxf4 34. Qxf4 Rxe5 35. Rxe5 Bxe5 36. Qe4 f5 37. Qxb7 Qxb7 38. Nxb7 Bf4 39. Rd1 Bd5 40. Nc5 Re2 41. Nf3 Be3 42. Bxe3 dxe3 43. Bxf5 Rxb2 44. Nd3 Bxf3 45. gxf3 Rd2 46. Rxd2 exd2 47. Nb2 Nd5 48. Nd1 g5 49. Kf2 Kg7 50. Be6 Nf4 51. Bd7 Kf6 52. Ke3 Ke7 53. Bb5 Nxh3 54. Kxd2 Nf4 55. Nc3 h5 56. Ne4 h4 57. Nxg5 h3 58. Ne4 Ke6 59. Ke3 Ke5 60. Nf2 Ng2+ 61. Kd2 Nf4 62. Bf1 Ne6 63. Nxh3 Kd4 64. Bb5 Nc5 65. Nf2 Ne6 66. Nd3 Ng5 67. Bc6 Ne6 68. f4 Nd8 69. Bd7 Nf7 70. f5 Nd6 71. Kc2 Ne4 72. Be6 Nf6 73. Nb2 Kc5 74. Kb3 Ne4 75. Nc4 Kc6 76. Nxa5+ Kb6 77. Kb4 Nf6 78. Nc4+ Ka7 79. Kb5 Ne8 80. a5 Nf6 81. Ne5 Ne8 82. Nd7 Ka8 83. Kb6 1-0

[Event "Leamington Spa 4NCL op-A 28th"]
[Site "Leamington Spa"]
[Date "2022.07.09"]
[Round "3"]
[White "Li, Ethan2222"]
[Black "Arora, Tashika"]
[Result "1-0"]
[WhiteElo "1677"]
[BlackElo "1935"]
[PlyCount "97"]
[EventDate "2022.07.08"]
[EventType "swiss"]
[EventRounds "5"]
[EventCountry "ENG"]
[SourceTitle "CBM 209 Extra"]
[Source "ChessBase"]
[SourceDate "2022.09.30"]
[SourceVersion "1"]
[SourceVersionDate "2022.09.30"]
[SourceQuality "1"]

1. e4 e5 2. Nf3 Nc6 3. Bb5 a6 4. Ba4 Nf6 5. d3 b5 6. Bb3 Bb7 7. 0-0 Be7 8. Re1 0-0 9. Nbd2 a5 10. c3 a4 11. Bc2 Bc5 12. h3 d6 13. a3 Ne7 14. d4 exd4 15. cxd4 Bb6 16. Nf1 Ng6 17. h4 Re8 18. Ng3 Ba5 19. Bd2 Bxd2 20. Qxd2 Ng4 21. h5 Nf8 22. Qf4 Nh6 23. Ng5 f6 24. Nf3 Ne6 25. Qh4 Ng5 26. Qf4 Nxf3+ 27. gxf3 Qd7 28. Kh2 Nf7 29. Nf5 Ng5 30. Qg4 Rad8 31. d5 g6 32. hxg6 hxg6 33. Nd4 Qh7+ 34. Kg3 Kf7 35. Rh1 Qg7 36. Bd3 Bc8 37. Qf4 Rh8 38. Bxb5 Nh3 39. Ne6 g5 40. Qf5 Qg8 41. Rxh3 Rh4 42. Rc1 c5 43. Rg1 Qh8 44. Nxd8+ Qxd8 45. Qh7+ Rxh7 46. Rxh7+ Kg6 47. Rgh1 Qf8 48. Be8+ Qxe8 49. R1h6# 1-0

[Event "Daventry 4NCL Easter op-B 2nd"]
[Site "Daventry"]
[Date "2022.04.16"]
[Round "2"]
[White "Arora, Tashika"]
[Black "Vijayakumar, Rishi"]
[Result "1-0"]
[WhiteElo "1986"]
[BlackElo "1722"]
[PlyCount "77"]
[EventDate "2022.04.15"]
[EventType "swiss"]
[EventRounds "7"]
[EventCountry "ENG"]
[SourceTitle "CBM 207 Extra"]
[Source "ChessBase"]
[SourceDate "2022.05.31"]
[SourceVersion "1"]
[SourceVersionDate "2022.05.31"]
[SourceQuality "1"]

1. d4 Nf6 2. c4 e6 3. g3 d5 4. Bg2 Be7 5. Nf3 0-0 6. 0-0 dxc4 7. Qc2 b6 8. Nbd2 Bb7 9. Nxc4 Be4 10. Qd1 Qd5 11. Ncd2 Nbd7 12. Nxe4 Nxe4 13. Qc2 f5 14. Rd1 Rac8 15. Be3 Bd6 16. Nd2 Ndf6 17. Nc4 Ng4 18. f3 b5 19. Nxd6 Nxe3 20. Nxc8 Qd7 21. Qd3 Nxd1 22. fxe4 Nf2 23. Qa3 Qxd4 24. e3 Qd2 25. Ne7+ Kf7 26. Qc3 Qe2 27. Re1 Qg4 28. Kxf2 Kxe7 29. Qxc7+ Kf6 30. e5+ Kg6 31. Qe7 Rb8 32. Qxe6+ Kh5 33. Bf3 Rd8 34. Qxf5+ Kh6 35. Bxg4 Rd2+ 36. Re2 Rxe2+ 37. Kxe2 g6 38. Qf8+ Kg5 39. Qf4# 1-0